[Event "Woerishofen sen 2016"]
[Site "Bad Woerishofen"]
[Date "2016.03.02"]
[Round "6.22"]
[White "Braeu, Ludwig"]
[Black "Engbrecht, Helmut"]
[Result "1/2-1/2"]
[WhiteElo "1894"]
[BlackElo "1980"]
[PlyCount "94"]
[EventDate "2016.02.26"]
[EventType "swiss"]
[EventCountry "GER"]
[WhiteTeam "Marktoberdorf SK"]
[BlackTeam "Schorndorf SV"]
[WhiteTeamCountry "GER"]
[BlackTeamCountry "GER"]

1. c4 Nc6 2. Nc3 Nf6 3. g3 d5 4. cxd5 Nxd5 5. Bg2 e6 6. Nf3 Nxc3 7. bxc3 e5 8.
d3 Bc5 9. O-O O-O 10. Nxe5 Nxe5 11. d4 Bd6 12. dxe5 Bxe5 13. Qc2 Qf6 14. Bb2 g6
15. f4 Qb6+ 16. Kh1 Bg7 17. e4 Be6 18. Rfb1 Qc5 19. Rd1 Rfd8 20. e5 c6 21. a4
Bg4 22. Re1 Bf5 23. Be4 Bxe4+ 24. Rxe4 Qd5 25. c4 Qd2 26. Rc1 Qxc2 27. Rxc2
Rd1+ 28. Kg2 Rad8 29. Rce2 R1d2 30. g4 h5 31. h3 hxg4 32. hxg4 Bh6 33. f5 gxf5
34. gxf5 Kh7 35. e6 fxe6 36. fxe6 Rxe2+ 37. Rxe2 Re8 38. Kf3 Kg6 39. Kg4 Bf8
40. Bd4 c5 41. Bc3 Be7 42. Bb2 Rd8 43. Kf4 Bg5+ 44. Ke4 Rd1 45. Kf3 Be7 46. Ke4
Bg5 47. Kf3 Be7 1/2-1/2

[Event "Woerishofen sen 2016"]
[Site "Bad Woerishofen"]
[Date "2016.03.02"]
[Round "6.23"]
[White "Stokes, Paul C"]
[Black "Di Lazzaro, Gabriele"]
[Result "1/2-1/2"]
[WhiteElo "1850"]
[BlackElo "1970"]
[PlyCount "90"]
[EventDate "2016.02.26"]
[EventType "swiss"]
[EventCountry "GER"]
[WhiteTeam "ENG"]
[BlackTeam "ITA"]
[WhiteTeamCountry "ENG"]
[BlackTeamCountry "ITA"]

1. d4 d5 2. c4 e6 3. Nf3 Nf6 4. g3 Bb4+ 5. Bd2 Bxd2+ 6. Nbxd2 O-O 7. Bg2 Nc6 8.
O-O Re8 9. e3 e5 10. cxd5 Nxd5 11. Nxe5 Nxe5 12. dxe5 Be6 13. Nf3 Qe7 14. Nd4
Rad8 15. Qa4 a6 16. Rac1 c6 17. Rfd1 Bg4 18. Nxc6 bxc6 19. Qxg4 Qxe5 20. Qd4
Qb8 21. Bxd5 Rxd5 22. Qc3 Red8 23. Rxd5 cxd5 24. Qc7 Qa8 25. b4 h6 26. a4 Rb8
27. Qd7 Rd8 28. Qc7 Rb8 29. Qc5 Qb7 30. Rb1 Rc8 31. Qd4 Rc4 32. Qb2 Kh8 33. Qb3
Kg8 34. b5 a5 35. Qd1 Kf8 36. Rc1 Qc8 37. Rxc4 dxc4 38. Qd6+ Kg8 39. Qc6 Qg4
40. f3 Qf5 41. Qxc4 Qxf3 42. Qd4 Qe2 43. Qf4 Qe1+ 44. Kg2 Qe2+ 45. Kh3 Qh5+
1/2-1/2

[Event "Woerishofen sen 2016"]
[Site "Bad Woerishofen"]
[Date "2016.03.02"]
[Round "6.24"]
[White "Plischke, Berthold"]
[Black "Kurpiela, Franz"]
[Result "1-0"]
[WhiteElo "1953"]
[BlackElo "1722"]
[PlyCount "71"]
[EventDate "2016.02.26"]
[EventType "swiss"]
[EventCountry "GER"]
[WhiteTeam "Wesel SV"]
[BlackTeam "Oehringen TSG"]
[WhiteTeamCountry "GER"]
[BlackTeamCountry "GER"]

1. e4 e5 2. Nf3 Nf6 3. d4 Nxe4 4. Bd3 d5 5. Nxe5 Nd7 6. Nxd7 Bxd7 7. O-O Qh4 8.
Nd2 O-O-O 9. Nf3 Qh5 10. Qe1 Re8 11. Qa5 Kb8 12. Ne5 Nf6 13. Bf4 Rc8 14. c4 Be6
15. c5 Nd7 16. c6 Nxe5 17. cxb7 Rd8 18. Bxe5 Bd6 19. Bxd6 Rxd6 20. Rac1 Rb6 21.
Bb5 Qg5 22. Rc3 Kxb7 23. Ra3 Ra8 24. Ba6+ Kb8 25. Qc5 Qd8 26. Rc1 c6 27. Rb3
Rxb3 28. axb3 Bd7 29. Qd6+ Qc7 30. Qf8+ Bc8 31. Re1 Qd7 32. Re8 Kc7 33. Re7 Bb7
34. Rxd7+ Kxd7 35. Qxf7+ Kd6 36. Bxb7 1-0

[Event "Woerishofen sen 2016"]
[Site "Bad Woerishofen"]
[Date "2016.03.02"]
[Round "6.25"]
[White "Rueggeberg, Wilhelm"]
[Black "Zschorsch, Peter"]
[Result "1/2-1/2"]
[WhiteElo "1843"]
[BlackElo "1941"]
[PlyCount "25"]
[EventDate "2016.02.26"]
[EventType "swiss"]
[EventCountry "GER"]
[WhiteTeam "Saarburg Trier SF"]
[BlackTeam "Karlsruher SF"]
[WhiteTeamCountry "GER"]
[BlackTeamCountry "GER"]

1. d4 Nf6 2. c4 g6 3. Nc3 d6 4. e4 Bg7 5. Nf3 O-O 6. Be2 Bg4 7. O-O Nc6 8. Be3
Bxf3 9. Bxf3 e6 10. Qe2 Nd7 11. a3 a6 12. Qd2 Re8 13. Be2 1/2-1/2

[Event "Woerishofen sen 2016"]
[Site "Bad Woerishofen"]
[Date "2016.03.02"]
[Round "6.26"]
[White "Born, Bernd Ludger"]
[Black "Blosze, Winfried"]
[Result "1-0"]
[WhiteElo "2105"]
[BlackElo "1846"]
[PlyCount "105"]
[EventDate "2016.02.26"]
[EventType "swiss"]
[EventCountry "GER"]
[WhiteTeam "Pfullingen SF"]
[BlackTeam "Grossauheim SV"]
[WhiteTeamCountry "GER"]
[BlackTeamCountry "GER"]

1. d4 Nf6 2. c4 g6 3. Nc3 d5 4. cxd5 Nxd5 5. e4 Nxc3 6. bxc3 Bg7 7. Bc4 c5 8.
Ne2 cxd4 9. cxd4 Nc6 10. Be3 Qa5+ 11. Qd2 Qxd2+ 12. Kxd2 O-O 13. Rhd1 Rd8 14.
Ke1 Na5 15. Rac1 Bd7 16. Bd3 Rac8 17. Rxc8 Rxc8 18. Rc1 Rxc1+ 19. Bxc1 Nc6 20.
Be3 a6 21. Kd2 Nb4 22. Bc4 b5 23. Bb3 e6 24. d5 a5 25. dxe6 fxe6 26. Bc5 Na6
27. Bd6 a4 28. Bc2 Bf8 29. Bxf8 Kxf8 30. a3 e5 31. Kc3 Ke7 32. Nc1 Kd6 33. Nd3
Nc7 34. Bd1 Be6 35. Kb4 Bc4 36. Nc5 Bf1 37. g3 Ne6 38. Nxe6 Kxe6 39. Kc5 Bd3
40. Bg4+ Ke7 41. Bc8 Bxe4 42. Kxb5 Bc2 43. Kc5 Kf6 44. Bd7 h5 45. Kb4 Kg5 46.
h4+ Kf6 47. Bxa4 Bf5 48. Bd1 e4 49. a4 Ke5 50. a5 Bc8 51. Bc2 Bb7 52. Kc5 Kf5
53. f3 1-0

[Event "Woerishofen sen 2016"]
[Site "Bad Woerishofen"]
[Date "2016.03.02"]
[Round "6.27"]
[White "Blutharsch, Walter"]
[Black "Erhart, Uwe"]
[Result "1/2-1/2"]
[WhiteElo "1854"]
[BlackElo "2079"]
[PlyCount "50"]
[EventDate "2016.02.26"]
[EventType "swiss"]
[EventCountry "GER"]
[WhiteTeam "Sindelfingen VfL"]
[BlackTeam "Raisdorfer SG"]
[WhiteTeamCountry "GER"]
[BlackTeamCountry "GER"]

1. e4 c5 2. Nf3 d6 3. Be2 Nf6 4. Nc3 Nc6 5. d4 cxd4 6. Nxd4 g6 7. O-O Bg7 8.
Be3 O-O 9. Rb1 a6 10. a3 Bd7 11. Qd2 Ng4 12. Nxc6 bxc6 13. Bxg4 Bxg4 14. f3 Be6
15. Ne2 Rb8 16. b3 Qc7 17. c4 c5 18. Bg5 Rb7 19. Nf4 Rfb8 20. Qc2 Qa5 21. Qa2
Qc3 22. Ne2 Qa5 23. Rfd1 h6 24. Be3 Kh7 25. Bd2 Qc7 1/2-1/2

[Event "Woerishofen sen 2016"]
[Site "Bad Woerishofen"]
[Date "2016.03.02"]
[Round "6.28"]
[White "Klempt, Guenter"]
[Black "Thielemann, Joachim"]
[Result "1-0"]
[WhiteElo "2039"]
[BlackElo "1811"]
[PlyCount "97"]
[EventDate "2016.02.26"]
[EventType "swiss"]
[EventCountry "GER"]
[WhiteTeam "Bochumer SV"]
[BlackTeam "Eutin SV"]
[WhiteTeamCountry "GER"]
[BlackTeamCountry "GER"]

1. d4 Nf6 2. c4 d6 3. Nc3 c6 4. e4 g6 5. f3 Bg7 6. Be3 Nbd7 7. Qd2 O-O 8. Bd3
e5 9. Nge2 Qc7 10. d5 c5 11. g4 a6 12. h4 Re8 13. h5 Nf8 14. hxg6 fxg6 15. Ng3
Qf7 16. Na4 Rb8 17. Nb6 Qc7 18. Nxc8 Qxc8 19. Bh6 Qc7 20. O-O-O b5 21. Rdg1
Bxh6 22. Qxh6 bxc4 23. Bxc4 Rb4 24. Bf1 Reb8 25. Rg2 Qb7 26. Rhh2 a5 27. Nf5
Rb6 28. Qg5 Ne8 29. Ne7+ Kf7 30. Nc6 Qd7 31. Nxb8 Rxb8 32. f4 exf4 33. Rf2 Kg8
34. Qxf4 Qg7 35. Rh3 Nd7 36. Rhf3 Ne5 37. Qf8+ Qxf8 38. Rxf8+ Kg7 39. g5 h6 40.
gxh6+ Kxh6 41. Kc2 Ng4 42. R2f3 Kg7 43. R3f7+ Kh6 44. Bh3 Ne3+ 45. Kd2 Nc4+ 46.
Kc3 Nb6 47. b3 a4 48. Re7 axb3 49. axb3 1-0

[Event "Woerishofen sen 2016"]
[Site "Bad Woerishofen"]
[Date "2016.03.02"]
[Round "6.29"]
[White "Schwis, Joachim"]
[Black "Flockerzi, Armin"]
[Result "1/2-1/2"]
[WhiteElo "1967"]
[BlackElo "1806"]
[PlyCount "50"]
[EventDate "2016.02.26"]
[EventType "swiss"]
[EventCountry "GER"]
[WhiteTeam "Koeln SF Ford"]
[BlackTeam "Koblenz VfR SC"]
[WhiteTeamCountry "GER"]
[BlackTeamCountry "GER"]

1. c4 e5 2. Nc3 Nf6 3. g3 c6 4. Nf3 d6 5. Bg2 Be7 6. d3 Na6 7. O-O Nc7 8. a3 a6
9. b4 Rb8 10. Bb2 O-O 11. Qc2 Ne6 12. e3 Qc7 13. Rac1 Bd7 14. Rfd1 Rfe8 15. Qb1
Rbc8 16. Nd5 cxd5 17. cxd5 Qb8 18. dxe6 Bxe6 19. d4 e4 20. Nd2 d5 21. Nb3 b6
22. Rxc8 Rxc8 23. Rc1 Ne8 24. Rc2 Rxc2 25. Qxc2 Qc8 1/2-1/2

[Event "Woerishofen sen 2016"]
[Site "Bad Woerishofen"]
[Date "2016.03.02"]
[Round "6.30"]
[White "Reimann, Guenther"]
[Black "Michalowski, Richard"]
[Result "1-0"]
[WhiteElo "1941"]
[BlackElo "1803"]
[PlyCount "69"]
[EventDate "2016.02.26"]
[EventType "swiss"]
[EventCountry "GER"]
[WhiteTeam "Magstadt SC"]
[BlackTeam "Konz Karthaus SF"]
[WhiteTeamCountry "GER"]
[BlackTeamCountry "GER"]

1. Nc3 Nf6 2. d4 d5 3. Nf3 Bf5 4. e3 e6 5. Bb5+ c6 6. Bd3 Ne4 7. O-O Nd7 8. a3
a6 9. Bxe4 dxe4 10. Nd2 Nf6 11. f3 exf3 12. Nxf3 Bg4 13. h3 Bh5 14. e4 Be7 15.
Be3 O-O 16. Qe1 Bg6 17. Bf2 Rc8 18. Rd1 Re8 19. Ne5 Qa5 20. Nxg6 hxg6 21. Bh4
e5 22. dxe5 Qxe5 23. Bg3 Qe6 24. e5 Nd5 25. Ne4 f5 26. Nd6 Bxd6 27. exd6 Qxe1
28. Rfxe1 Rxe1+ 29. Rxe1 Rd8 30. c4 f4 31. Bh4 Nf6 32. c5 Rd7 33. Bg5 Nd5 34.
Re4 Rf7 35. Re8+ 1-0

[Event "Woerishofen sen 2016"]
[Site "Bad Woerishofen"]
[Date "2016.03.02"]
[Round "6.31"]
[White "Abel, Hans Peter"]
[Black "Weyand, Fernand"]
[Result "1-0"]
[WhiteElo "1928"]
[BlackElo "1788"]
[PlyCount "119"]
[EventDate "2016.02.26"]
[EventType "swiss"]
[EventCountry "GER"]
[WhiteTeam "Leinfelden SC"]
[BlackTeam "Saarbruecken SVG"]
[WhiteTeamCountry "GER"]
[BlackTeamCountry "GER"]

1. Nf3 c6 2. d4 d5 3. Bf4 Nf6 4. h3 Bf5 5. e3 e6 6. Bd3 Bxd3 7. Qxd3 Bd6 8.
Bxd6 Qxd6 9. O-O Nbd7 10. Nbd2 O-O 11. c4 Rfe8 12. Qc3 Rac8 13. Ne5 c5 14. Nxd7
Qxd7 15. b3 cxd4 16. Qxd4 dxc4 17. Qxd7 Nxd7 18. Nxc4 Rc6 19. Rfd1 Nb6 20. Nd6
Re7 21. Nxb7 Nd5 22. Na5 Rcc7 23. e4 Nf6 24. Nc4 Kf8 25. f3 Red7 26. Kf2 Ke7
27. Ke2 h5 28. Rxd7+ Rxd7 29. Rd1 Rxd1 30. Kxd1 h4 31. Ne5 Nh5 32. Ke2 Nf4+ 33.
Kf1 g5 34. Nc6+ Kd7 35. Nxa7 Nd3 36. Nb5 Kc6 37. Nc3 Kc5 38. a3 Nc1 39. b4+ Kc4
40. Ne2 Nd3 41. g3 hxg3 42. Kg2 Kb3 43. b5 Kxa3 44. Kxg3 Nc5 45. Kg4 f6 46. b6
Ka4 47. Nd4 Ka5 48. b7 Nxb7 49. Nxe6 Nd6 50. Nc7 Nc4 51. Nd5 Ne5+ 52. Kg3 Nd7
53. f4 Kb5 54. fxg5 fxg5 55. Kg4 Kc5 56. Kxg5 Kd6 57. Kf5 Nf8 58. h4 Kd7 59.
Nf4 Ke7 60. Ng6+ 1-0

[Event "Woerishofen sen 2016"]
[Site "Bad Woerishofen"]
[Date "2016.03.02"]
[Round "6.32"]
[White "Abegg, Beat"]
[Black "Collins, Alan"]
[Result "1/2-1/2"]
[WhiteElo "1914"]
[BlackElo "1753"]
[PlyCount "82"]
[EventDate "2016.02.26"]
[EventType "swiss"]
[EventCountry "GER"]
[WhiteTeam "SUI"]
[BlackTeam "ENG"]
[WhiteTeamCountry "SUI"]
[BlackTeamCountry "ENG"]

1. d4 d6 2. Nf3 Bg4 3. Nbd2 Nd7 4. g3 g6 5. Bg2 Bg7 6. h3 Bxf3 7. Nxf3 c6 8.
O-O Ngf6 9. b3 O-O 10. Bb2 Qc7 11. c4 e5 12. Qc2 exd4 13. Nxd4 Rfe8 14. e3 Nc5
15. Ne2 Rad8 16. Rad1 Qb8 17. b4 Ne6 18. Rd2 Re7 19. Rfd1 Red7 20. e4 Ne8 21.
Bxg7 Kxg7 22. Nc3 c5 23. b5 b6 24. Ne2 Qc8 25. Kh2 a6 26. a4 a5 27. Qc3+ Kg8
28. Qe3 Re7 29. f4 Qc7 30. Nc3 Qb8 31. Nd5 Red7 32. Re1 N6c7 33. Rde2 Nxd5 34.
exd5 Ng7 35. Qc3 Re8 36. Rxe8+ Nxe8 37. g4 Qd8 38. Qe3 Kf8 39. Kg3 Re7 40.
Qxe7+ Qxe7 41. Rxe7 Kxe7 1/2-1/2

[Event "Woerishofen sen 2016"]
[Site "Bad Woerishofen"]
[Date "2016.03.02"]
[Round "6.33"]
[White "Taufratshofer, Martin"]
[Black "Juenger, Leonhard"]
[Result "1-0"]
[WhiteElo "2009"]
[BlackElo "1807"]
[PlyCount "71"]
[EventDate "2016.02.26"]
[EventType "swiss"]
[EventCountry "GER"]
[WhiteTeam "Oberguenzburg SK"]
[BlackTeam "Aachener SV"]
[WhiteTeamCountry "GER"]
[BlackTeamCountry "GER"]

1. e4 c5 2. c3 Nc6 3. d4 e6 4. Nf3 d5 5. exd5 Qxd5 6. Na3 Bd6 7. Nb5 cxd4 8.
Nxd6+ Qxd6 9. Bb5 Bd7 10. O-O Nge7 11. Re1 O-O 12. Bd3 h6 13. cxd4 Nb4 14. Bb1
Rfd8 15. a3 Nbd5 16. Qd3 Nf6 17. Ne5 Bc6 18. Qg3 Kf8 19. Be3 Rac8 20. Bd3 Ned5
21. Bd2 Qe7 22. Rac1 Ba4 23. Qh3 Qe8 24. g4 Rxc1 25. Rxc1 Rc8 26. g5 Rxc1+ 27.
Bxc1 hxg5 28. Qh8+ Ng8 29. Bh7 Ndf6 30. Bd2 Ke7 31. Bxg5 Kd6 32. Qxg7 Nxh7 33.
Nxf7+ Kc6 34. Qxh7 Kd5 35. Qg7 Kc4 36. Nd6+ 1-0

[Event "Woerishofen sen 2016"]
[Site "Bad Woerishofen"]
[Date "2016.03.02"]
[Round "6.35"]
[White "Trefzer, Erhard"]
[Black "Hager, Eberhard"]
[Result "1/2-1/2"]
[WhiteElo "1897"]
[BlackElo "1745"]
[PlyCount "85"]
[EventDate "2016.02.26"]
[EventType "swiss"]
[EventCountry "GER"]
[WhiteTeam "Besigheim SV"]
[BlackTeam "Friedberg SC"]
[WhiteTeamCountry "GER"]
[BlackTeamCountry "GER"]

1. Nf3 Nf6 2. c4 e6 3. g3 d5 4. Bg2 c6 5. O-O Be7 6. b3 Nbd7 7. Bb2 O-O 8. Qc2
Re8 9. d4 h6 10. Nbd2 b6 11. Rfd1 Bb7 12. e4 Rc8 13. e5 Nh7 14. Nf1 Ng5 15.
Nxg5 Bxg5 16. f4 Be7 17. Ne3 c5 18. Qd2 cxd4 19. Bxd4 Nc5 20. cxd5 exd5 21. Kh1
Ne4 22. Qb2 Qc7 23. Rac1 Qb8 24. Bh3 Rxc1 25. Rxc1 Bc5 26. Kg1 Re7 27. Bxc5
Nxc5 28. Qd4 Ne6 29. Qd2 Rc7 30. Bg2 Rxc1+ 31. Qxc1 d4 32. Nf5 Bxg2 33. Kxg2
Qb7+ 34. Kf2 Nc5 35. Qd1 Qe4 36. Nd6 Qe3+ 37. Kg2 Nd3 38. Nc4 Qe4+ 39. Kg1 b5
40. Nd2 Qe3+ 41. Kg2 h5 42. Nf3 Qe4 43. h4 1/2-1/2

[Event "Woerishofen sen 2016"]
[Site "Bad Woerishofen"]
[Date "2016.03.02"]
[Round "6.36"]
[White "Zerweck, Christoph"]
[Black "Aufmwasser, Guenter"]
[Result "1-0"]
[WhiteElo "1890"]
[BlackElo "1701"]
[PlyCount "83"]
[EventDate "2016.02.26"]
[EventType "swiss"]
[EventCountry "GER"]
[WhiteTeam "Herrenberg SV"]
[BlackTeam "Hilden SV"]
[WhiteTeamCountry "GER"]
[BlackTeamCountry "GER"]

1. e4 d6 2. d4 g6 3. Nc3 Bg7 4. Be3 Nf6 5. h3 O-O 6. Nf3 e5 7. Qd2 Nc6 8. O-O-O
Bd7 9. Bh6 exd4 10. Nxd4 Nxd4 11. Bxg7 Nb3+ 12. axb3 Kxg7 13. g4 Bc6 14. f3 Qe7
15. h4 Ng8 16. Bd3 Nf6 17. h5 Rh8 18. Bc4 Rad8 19. Qg5 Ng8 20. Qe3 g5 21. Kb1
h6 22. Rhf1 Nf6 23. Qg1 Nh7 24. Ne2 b5 25. Ng3 Qf6 26. Nf5+ Kf8 27. Be2 Bd7 28.
Ne3 c6 29. Rd2 Qf4 30. Rfd1 Be6 31. Ng2 Qe5 32. Qxa7 Kg7 33. Qd4 Qxd4 34. Rxd4
d5 35. exd5 Rxd5 36. Ne3 Re5 37. Re4 Rxe4 38. fxe4 Re8 39. Bf3 Nf6 40. Nf5+
Bxf5 41. exf5 c5 42. Bc6 1-0

[Event "Woerishofen sen 2016"]
[Site "Bad Woerishofen"]
[Date "2016.03.02"]
[Round "6.37"]
[White "Schnell, Franz"]
[Black "Zwetz, Anita"]
[Result "1-0"]
[WhiteElo "1762"]
[BlackElo "1864"]
[PlyCount "75"]
[EventDate "2016.02.26"]
[EventType "swiss"]
[EventCountry "GER"]
[WhiteTeam "Trossingen SV"]
[BlackTeam "Kareth Lappersdorf TSV"]
[WhiteTeamCountry "GER"]
[BlackTeamCountry "GER"]

1. d4 d5 2. Bf4 c6 3. c3 Nf6 4. e3 Bg4 5. Qb3 Qc8 6. h3 Bf5 7. Nd2 e6 8. Ngf3
h6 9. Be2 Nbd7 10. c4 Be7 11. O-O O-O 12. Rac1 Rd8 13. c5 Re8 14. Bd3 Be4 15.
Qc2 Bxd3 16. Qxd3 g5 17. Be5 Nxe5 18. Nxe5 Nd7 19. Ndf3 Bf6 20. b4 a6 21. a4
Nxe5 22. Nxe5 Bxe5 23. dxe5 Qc7 24. Qd4 Qe7 25. f4 Kh8 26. fxg5 hxg5 27. Rf6
Rg8 28. Rcf1 Rg7 29. Qg4 Rag8 30. Rh6+ Rh7 31. Rxh7+ Kxh7 32. Rf6 Rg7 33. Qh5+
Kg8 34. Rh6 Kf8 35. Rh8+ Rg8 36. Qh6+ Ke8 37. Rxg8+ Kd7 38. Qf8 1-0

[Event "Woerishofen sen 2016"]
[Site "Bad Woerishofen"]
[Date "2016.03.02"]
[Round "6.38"]
[White "Schweitzer, Paul"]
[Black "Haakert, Karl"]
[Result "1/2-1/2"]
[WhiteElo "1652"]
[BlackElo "1855"]
[PlyCount "45"]
[EventDate "2016.02.26"]
[EventType "swiss"]
[EventCountry "GER"]
[WhiteTeam "Zehlendorf SK"]
[BlackTeam "Muelheim SV Turm"]
[WhiteTeamCountry "GER"]
[BlackTeamCountry "GER"]

1. Nf3 d5 2. d4 Nf6 3. c3 Bf5 4. Nbd2 e6 5. e3 Bd6 6. Qa4+ c6 7. Be2 Nbd7 8.
Qb3 Qb6 9. Qd1 O-O 10. Nh4 Rfe8 11. g4 Bg6 12. Nxg6 hxg6 13. Qc2 e5 14. g5 Nh5
15. Bxh5 gxh5 16. Qb3 exd4 17. Qxb6 axb6 18. cxd4 Nf8 19. Kf1 g6 20. a4 Ne6 21.
h4 Ng7 22. b3 b5 23. Bb2 1/2-1/2

[Event "Woerishofen sen 2016"]
[Site "Bad Woerishofen"]
[Date "2016.03.02"]
[Round "6.39"]
[White "Bachmann, Rolf"]
[Black "Mircoli, Filippo"]
[Result "1-0"]
[WhiteElo "1993"]
[BlackElo "1611"]
[PlyCount "123"]
[EventDate "2016.02.26"]
[EventType "swiss"]
[EventCountry "GER"]
[WhiteTeam "Hamm SV"]
[BlackTeam "ITA"]
[WhiteTeamCountry "GER"]
[BlackTeamCountry "ITA"]

1. d4 Nf6 2. Nf3 g6 3. Bf4 Bg7 4. e3 d5 5. c3 O-O 6. Nbd2 Nbd7 7. Qc2 c5 8. Be2
cxd4 9. exd4 Re8 10. h3 a6 11. g4 Nf8 12. O-O-O b5 13. Ne5 Bb7 14. Kb1 Rc8 15.
Qd3 N8d7 16. Ndf3 Ne4 17. Qe3 Nb6 18. Nd2 Na4 19. Rc1 Qa5 20. Nxe4 dxe4 21. Bd1
Bd5 22. Bb3 e6 23. g5 Nb6 24. Ng4 Nc4 25. Bxc4 Bxc4 26. b3 Bd3+ 27. Kb2 Red8
28. Nf6+ Kh8 29. Nxe4 Bxe4 30. Qxe4 b4 31. Be5 bxc3+ 32. Kb1 Qd5 33. Qxd5 Rxd5
34. f4 Bxe5 35. dxe5 Rd3 36. h4 Rcd8 37. h5 R8d4 38. hxg6 fxg6 39. Rhf1 Rg3 40.
Rc2 Rdd3 41. b4 Rd4 42. a3 Kg7 43. Ka2 Rg4 44. Rxc3 Rdxf4 45. Rxf4 Rxf4 46.
Rc7+ Rf7 47. Rxf7+ Kxf7 48. a4 h5 49. gxh6 g5 50. b5 g4 51. bxa6 g3 52. a7 g2
53. a8=Q g1=Q 54. Qb7+ Ke8 55. Qc8+ Ke7 56. Qc7+ Ke8 57. h7 Qg2+ 58. Kb3 Qf3+
59. Kb4 Qe4+ 60. Kb5 Qd5+ 61. Ka6 Qa8+ 62. Kb6 1-0

[Event "Woerishofen sen 2016"]
[Site "Bad Woerishofen"]
[Date "2016.03.02"]
[Round "6.40"]
[White "Krotofil, Kurt"]
[Black "Wagner, Gerhard"]
[Result "1-0"]
[WhiteElo "1987"]
[BlackElo "1760"]
[PlyCount "85"]
[EventDate "2016.02.26"]
[EventType "swiss"]
[EventCountry "GER"]
[WhiteTeam "Niendorfer TSV"]
[BlackTeam "Windach SF"]
[WhiteTeamCountry "GER"]
[BlackTeamCountry "GER"]

1. d4 d5 2. c4 c6 3. Nf3 Nf6 4. Nc3 e6 5. e3 Bd6 6. Bd3 dxc4 7. Bxc4 Nbd7 8. e4
b5 9. e5 bxc4 10. exd6 Nb6 11. Bg5 Qxd6 12. Bxf6 gxf6 13. Qd2 Bb7 14. Ne4 Qe7
15. Nc5 Nd5 16. O-O O-O-O 17. Qa5 Nf4 18. Qxa7 Rhg8 19. g3 h5 20. a4 Qc7 21. a5
Qb8 22. Qxb8+ Kxb8 23. Ra4 Nd3 24. Rxc4 Nxc5 25. Rxc5 h4 26. Rd1 hxg3 27. hxg3
Ba6 28. Rd2 Bb5 29. d5 Rd6 30. dxc6 Bxc6 31. Rxd6 Bxf3 32. Rb6+ Ka8 33. Rc3 Bd5
34. b4 Rg4 35. Rc8+ Ka7 36. Rc7+ Ka8 37. Rxf7 Rc4 38. f3 Rc1+ 39. Kf2 Rc2+ 40.
Ke1 f5 41. Rd6 Rc8 42. Rxd5 exd5 43. Rxf5 1-0

[Event "Woerishofen sen 2016"]
[Site "Bad Woerishofen"]
[Date "2016.03.02"]
[Round "6.41"]
[White "Boldt, Heinrich"]
[Black "Gailis, Gunnar"]
[Result "0-1"]
[WhiteElo "1862"]
[BlackElo "1753"]
[PlyCount "70"]
[EventDate "2016.02.26"]
[EventType "swiss"]
[EventCountry "GER"]
[WhiteTeam "Kareth Lappersdorf TSV"]
[BlackTeam "Hilden SV"]
[WhiteTeamCountry "GER"]
[BlackTeamCountry "GER"]

1. d4 Nf6 2. g3 g6 3. Bg2 d5 4. Bg5 Bg7 5. Nd2 h6 6. Bf4 Nh5 7. Be3 c5 8. c3
cxd4 9. cxd4 Nc6 10. Nb3 O-O 11. Nf3 g5 12. h4 g4 13. Nh2 Qd6 14. Nf1 Bf5 15.
Rg1 b6 16. f3 Nb4 17. Kf2 Nc2 18. Qd2 Nxa1 19. Nxa1 Rfc8 20. fxg4 Bxg4 21. Bh1
Rc6 22. Nh2 f5 23. Nf3 Bxf3 24. Bxf3 Nf6 25. Bf4 Qe6 26. Qd3 Ng4+ 27. Kg2 Rac8
28. Qb5 Nf6 29. Kh2 h5 30. Kh3 Kh7 31. Nb3 Rc2 32. Qd3 R8c4 33. g4 hxg4+ 34.
Bxg4 Ne4 35. Qe3 fxg4+ 0-1

[Event "Woerishofen sen 2016"]
[Site "Bad Woerishofen"]
[Date "2016.03.02"]
[Round "6.42"]
[White "Koch, Dieter"]
[Black "Klimpel, Siegfried"]
[Result "0-1"]
[WhiteElo "1747"]
[BlackElo "1855"]
[PlyCount "92"]
[EventDate "2016.02.26"]
[EventType "swiss"]
[EventCountry "GER"]
[WhiteTeam "-"]
[BlackTeam "Kareth Lappersdorf TSV"]
[BlackTeamCountry "GER"]

1. d4 c6 2. e3 d6 3. Bd3 Qc7 4. f4 Nf6 5. Nd2 Bg4 6. Ngf3 Nbd7 7. c3 e5 8. Qc2
Nd5 9. Nf1 exf4 10. Qf2 fxe3 11. Nxe3 Nf4 12. Bf5 Bxf5 13. O-O Nd3 14. Qe2 Nf4
15. Qf2 Bd3 16. Re1 O-O-O 17. Ng5 Nxg2 18. Nxg2 Nf6 19. Qg3 Bg6 20. c4 h6 21.
Nf3 Be7 22. c5 Nh5 23. Qh3+ Qd7 24. Qxd7+ Rxd7 25. b4 Nf6 26. Nf4 Be4 27. Nd2
d5 28. Ne2 g5 29. Nc3 Bg6 30. Nf3 Ne4 31. Bb2 Nxc3 32. Bxc3 f6 33. a4 g4 34.
Nd2 f5 35. Re6 Bf7 36. Re5 f4 37. b5 Bh4 38. Nb3 Re7 39. Rf5 f3 40. bxc6 f2+
41. Kg2 bxc6 42. Re5 Rhe8 43. Rf1 Rxe5 44. dxe5 d4 45. h3 Bd5+ 46. Kh2 g3# 0-1

[Event "Woerishofen sen 2016"]
[Site "Bad Woerishofen"]
[Date "2016.03.02"]
[Round "6.43"]
[White "Birkestrand, Odd"]
[Black "Reichwald, Klaus"]
[Result "0-1"]
[WhiteElo "1746"]
[BlackElo "1852"]
[PlyCount "88"]
[EventDate "2016.02.26"]
[EventType "swiss"]
[EventCountry "GER"]
[WhiteTeam "NOR"]
[BlackTeam "Lohhof SC"]
[WhiteTeamCountry "NOR"]
[BlackTeamCountry "GER"]

1. e4 c5 2. c3 d6 3. d4 b6 4. d5 e5 5. Bb5+ Bd7 6. Be2 Nf6 7. Qc2 Be7 8. Nf3
O-O 9. O-O Qc8 10. c4 Na6 11. Bd2 Nc7 12. Nc3 Rb8 13. Rfc1 Ng4 14. h3 Nf6 15.
Kh2 h6 16. Ng1 g5 17. g4 Nce8 18. Qd1 Ng7 19. Kg2 a6 20. a4 Kh7 21. f3 Rh8 22.
h4 gxh4 23. g5 hxg5 24. Bxg5 Kg8 25. Qe1 h3+ 26. Kh2 Qd8 27. Be3 Nfh5 28. Bf2
Nf4 29. Bf1 Bg5 30. Rd1 Qf6 31. Nce2 Qg6 32. Bg3 Ngh5 33. Nxf4 Nxf4 34. Ne2 f6
35. Nxf4 exf4 36. Bf2 Kf7 37. Bd3 f5 38. Qd2 Rbg8 39. Qc2 Bh4 40. Bxh4 Rxh4 41.
Rg1 Qg2+ 42. Rxg2 hxg2+ 43. Kg1 Rh1+ 44. Kf2 Rxa1 0-1

[Event "Woerishofen sen 2016"]
[Site "Bad Woerishofen"]
[Date "2016.03.02"]
[Round "6.44"]
[White "Lubberich, Alfred"]
[Black "Winter, Reinhold"]
[Result "1/2-1/2"]
[WhiteElo "1848"]
[BlackElo "1748"]
[PlyCount "112"]
[EventDate "2016.02.26"]
[EventType "swiss"]
[EventCountry "GER"]
[WhiteTeam "Nettetal SG"]
[BlackTeam "Neuenkirchen SF"]
[WhiteTeamCountry "GER"]
[BlackTeamCountry "GER"]

1. Nf3 Nf6 2. e3 e6 3. c4 d5 4. Nc3 c6 5. Be2 dxc4 6. Bxc4 Nbd7 7. d4 Nb6 8.
Bd3 Bb4 9. O-O O-O 10. Qe2 Nbd5 11. Bd2 Nxc3 12. bxc3 Ba5 13. Rfd1 Qd6 14. a4
c5 15. e4 Qc7 16. e5 Nd5 17. c4 Nc3 18. Bxc3 Bxc3 19. Rac1 cxd4 20. Nxd4 Bxd4
21. Qe4 Bxf2+ 22. Kxf2 g6 23. Qe3 Bd7 24. Bc2 Bc6 25. Rd6 Rfd8 26. Rcd1 Rxd6
27. exd6 Qd7 28. a5 Qd8 29. Qc5 Qh4+ 30. Kg1 Qg4 31. Rd2 Qf4 32. Qd4 Qxd4+ 33.
Rxd4 b6 34. d7 Rd8 35. Rd6 Ba8 36. axb6 axb6 37. Ba4 Kf8 38. Rxb6 Ke7 39. c5
Rxd7 40. Bxd7 Kxd7 41. g3 f5 42. h4 e5 43. Kf2 f4 44. gxf4 exf4 45. Rf6 f3 46.
Rf7+ Kc6 47. Rxh7 Kxc5 48. Rg7 Be4 49. Rd7 Kc6 50. Rd2 Bd5 51. Ke3 Kd6 52. Kf4
Ke6 53. Kg4 Be4 54. Rf2 Ke5 55. Rd2 Bb1 56. Rb2 Bd3 1/2-1/2